| 000 | 00843nam a22002057a 4500 | ||
|---|---|---|---|
| 999 |
_c5794 _d5794 |
||
| 003 | AR-CdUCM | ||
| 008 | 190313b ||||| |||| 00| 0 spa d | ||
| 040 |
_aMUNICIPALIDAD PROVINCIAL DEL CUSCO _cBIBLIOTECA MUNICIPAL DEL CUSCO |
||
| 082 |
_a869.5 / _bJ53 |
||
| 100 |
_aJiménez Borja, José _917165 |
||
| 245 | _aCien años de literatura y otros estudios críticos / | ||
| 260 |
_aLima : _bTalleres graficos de P. Barrantes C., _c1940. |
||
| 300 |
_a106 páginas ; _c18 cm. |
||
| 500 | _aDonación familia Nieto | ||
| 505 | _aContenido: Cien años de literatura -- Juan de Arona y la peruanidad -- Sobre dos limeños, en el Centenario de Lima / Felipe Pardo, Manuel Atanasio Fuentes -- Elogio de Luis Benjamín Cisneros | ||
| 650 |
_aLiteratura peruana _9169 |
||
| 650 |
_aHistoria y crítica _95993 |
||
| 942 |
_2ddc _cLIBROS |
||
| 945 | _aafb | ||